| 000 -LEADER | |
|---|---|
| fixed length control field | 00364nam a22001577a 4500 |
| 005 - DATE AND TIME OF LATEST TRANSACTION | |
| control field | 20161221095407.0 |
| 008 - FIXED-LENGTH DATA ELEMENTS--GENERAL INFORMATION | |
| fixed length control field | 160903b xxu||||| |||| 00| 0 eng d |
| 020 ## - INTERNATIONAL STANDARD BOOK NUMBER | |
| ISBN | 0-19-5615-7-0 |
| 041 ## - LANGUAGE CODE | |
| Language code of text/sound track or separate title | eng |
| 100 ## - MAIN ENTRY--AUTHOR NAME | |
| Personal name | MISHRA,G.B |
| 245 ## - TITLE STATEMENT | |
| Title | MINE ENVIRONMENT AND VENTILATION |
| 260 ## - PUBLICATION, DISTRIBUTION, ETC. (IMPRINT) | |
| Name of publisher | OXFORD |
| Year of publication | 2015 |
| 300 ## - PHYSICAL DESCRIPTION | |
| Number of Pages | 613 |
| 650 ## - SUBJECT ADDED ENTRY--TOPICAL TERM | |
| Topical Term | MINING |
| 942 ## - ADDED ENTRY ELEMENTS (KOHA) | |
| Koha item type | Books |
| Lost status | Damaged status | Collection code | Home library | Current library | Shelving location | Date acquired | Source of acquisition | Cost, normal purchase price | Accession Number | Copy number | Koha item type |
|---|---|---|---|---|---|---|---|---|---|---|---|
| Lost | MINING | JRU Library | JRU Library | SHELF-76-C | 03/09/2016 | PURCHASE | 754.00 | 21002 | 5 | Books | |
| MINING | JRU Library | JRU Library | SHELF-100-B | 03/09/2016 | PURCHASE | 754.00 | 21003 | 5 | Books | ||
| MINING | JRU Library | JRU Library | SHELF-100-B | 03/09/2016 | PURCHASE | 754.00 | 21004 | 5 | Books | ||
| MINING | JRU Library | JRU Library | SHELF-100-B | 03/09/2016 | PURCHASE | 754.00 | 21005 | 5 | Books | ||
| MINING | JRU Library | JRU Library | SHELF-100-B | 03/09/2016 | PURCHASE | 754.00 | 21006 | 5 | Books |